Normal view MARC view

Entry Personal Name

Number of records used in: 1

001 - CONTROL NUMBER

  • control field: 9362

003 - CONTROL NUMBER IDENTIFIER

  • control field: DLC

005 - DATE AND TIME OF LATEST TRANSACTION

  • control field: 20230826094740.0

008 - FIXED-LENGTH DATA ELEMENTS

  • fixed length control field: 791011n| azannaabn |n aaa

010 ## - LIBRARY OF CONGRESS CONTROL NUMBER

  • LC control number: n 79085089

035 ## - SYSTEM CONTROL NUMBER

  • System control number: (OCoLC)oca00317574

040 ## - CATALOGING SOURCE

  • Original cataloging agency: DLC
  • Language of cataloging: eng
  • Description conventions: rda
  • Transcribing agency: DLC
  • Modifying agency: DLC
  • Modifying agency: OCoLC

046 ## - SPECIAL CODED DATES

  • Birth date: 1931

100 1# - HEADING--PERSONAL NAME

  • Personal name: Rejda, George E.,
  • Dates associated with a name: 1931-

670 ## - SOURCE DATA FOUND

  • Source citation: His Social insurance and economic security, 1975, c1976.

670 ## - SOURCE DATA FOUND

  • Source citation: Social insurance and economic security, 1998:
  • Information found: CIP t.p. (George E. Rejda, Ph.D., CLU. V.J. Skutt Distinguished Professor of Insurance, University of Nebraska-Lincoln)

670 ## - SOURCE DATA FOUND

  • Source citation: Information from 678 converted Dec. 16, 2014
  • Information found: (Ph.D., C.L.U.; prof. of economics, Univ. of Neb.-Lincoln)

Powered by Koha